|
|
|
|
| LEADER |
01803nam a2200445 i 4500 |
| 001 |
EBC4071106 |
| 003 |
MiAaPQ |
| 005 |
20200520144314.0 |
| 006 |
m o d | |
| 007 |
cr cnu|||||||| |
| 008 |
160418t19421942nju o 000 0 eng d |
| 020 |
|
|
|z 9780691627731
|
| 020 |
|
|
|a 9781400878659
|q (electronic bk.)
|
| 035 |
|
|
|a (MiAaPQ)EBC4071106
|
| 035 |
|
|
|a (Au-PeEL)EBL4071106
|
| 035 |
|
|
|a (CaPaEBR)ebr11200207
|
| 035 |
|
|
|a (CaONFJC)MIL846658
|
| 035 |
|
|
|a (OCoLC)947725391
|
| 040 |
|
|
|a MiAaPQ
|b eng
|e rda
|e pn
|c MiAaPQ
|d MiAaPQ
|
| 043 |
|
|
|a n-us---
|
| 050 |
|
4 |
|a HF1756
|b .G734 1942
|
| 082 |
0 |
|
|a 382.73
|2 23
|
| 100 |
1 |
|
|a Graham, Frank D.
|q (Frank Dunstone),
|d 1890-1949,
|e author.
|
| 245 |
1 |
0 |
|a Protective tariffs /
|c by Frank D. Graham.
|
| 264 |
|
1 |
|a Princeton, New Jersey :
|b Princeton University Press,
|c 1942.
|
| 264 |
|
4 |
|c 1942
|
| 300 |
|
|
|a 1 online resource (189 pages).
|
| 336 |
|
|
|a text
|2 rdacontent
|
| 337 |
|
|
|a computer
|2 rdamedia
|
| 338 |
|
|
|a online resource
|2 rdacarrier
|
| 490 |
1 |
|
|a Princeton Legacy Library
|
| 588 |
|
|
|a Description based on online resource; title from PDF title page (ebrary, viewed April 18, 2016).
|
| 590 |
|
|
|a Electronic reproduction. Ann Arbor, MI : ProQuest, 2016. Available via World Wide Web. Access may be limited to ProQuest affiliated libraries.
|
| 650 |
|
0 |
|a Protectionism.
|
| 650 |
|
0 |
|a Tariff
|z United States.
|
| 655 |
|
4 |
|a Electronic books.
|
| 776 |
0 |
8 |
|i Print version:
|a Graham, Frank D. (Frank Dunstone), 1890-1949.
|t Protective tariffs.
|d Princeton, New Jersey : Princeton University Press, c1942
|h xi, 176 pages
|k Princeton legacy library.
|z 9780691627731
|
| 797 |
2 |
|
|a ProQuest (Firm)
|
| 830 |
|
0 |
|a Princeton legacy library.
|
| 856 |
4 |
0 |
|u https://ebookcentral.proquest.com/lib/matrademy/detail.action?docID=4071106
|z Click to View
|